[Event "Amantea op 16th"]
[Site "Amantea"]
[Date "2018.09.10"]
[Round "2"]
[White "Arman, Deniz"]
[Black "Colucci, Stefano"]
[Result "1-0"]
[WhiteElo "2366"]
[BlackElo "1874"]
[PlyCount "36"]
[EventDate "2018.09.09"]
[EventType "swiss"]
[EventRounds "9"]
[EventCountry "ITA"]
[SourceTitle "CBM 186 Extra"]
[Source "ChessBase"]
[SourceDate "2018.08.24"]
[SourceVersion "1"]
[SourceVersionDate "2018.08.24"]
[SourceQuality "1"]

1. e4 e5 2. Nf3 Nc6 3. Bc4 Bc5 4. d3 d6 5. c3 Nf6 6. Bb3 a6 7. Nbd2 Ba7 8. h3 Qe7 9. Nf1 Be6 10. Ng3 h6 11. Ba4 Bd7 12. a3 Nd8 13. Nf5 Qf8 14. Bxd7+ Nxd7 15. 0-0 Ne6 16. d4 g6 17. Ne3 Qg7 18. Qc2 Nf4 1-0

[Event "Campobasso op 21st"]
[Site "Campobasso"]
[Date "2014.07.19"]
[Round "4"]
[White "Carnicelli, Valerio"]
[Black "Colucci, Stefano"]
[Result "1-0"]
[WhiteElo "2137"]
[BlackElo "1898"]
[PlyCount "85"]
[EventDate "2014.07.18"]
[EventType "swiss"]
[EventRounds "6"]
[EventCountry "ITA"]
[SourceTitle "EXT 2016"]
[Source "ChessBase"]
[SourceDate "2015.10.08"]
[SourceVersion "1"]
[SourceVersionDate "2015.10.08"]
[SourceQuality "1"]

1. e4 e6 2. d4 d5 3. Nc3 Nf6 4. Bg5 Be7 5. e5 Nfd7 6. h4 c5 7. Bxe7 Kxe7 8. f4 a6 9. Nf3 Nc6 10. dxc5 Nxc5 11. Bd3 Nxd3+ 12. cxd3 Bd7 13. Qd2 Qa5 14. d4 Rac8 15. h5 h6 16. 0-0 Na7 17. f5 Qb6 18. f6+ gxf6 19. exf6+ Kd8 20. Ne5 Be8 21. Qf4 Nc6 22. Nxc6+ Rxc6 23. Rfe1 Rc4 24. Rad1 Rg8 25. Rd2 Rg5 26. Re5 Qc7 27. Qe3 Rxe5 28. dxe5 Kc8 29. Rd4 Qc5 30. Rxc4 Qxc4 31. b3 Qb4 32. Nb1 d4 33. Qc1+ Bc6 34. Nd2 Kb8 35. Nc4 Qc5 36. Qa3 Qd5 37. Qd6+ Ka7 38. Qxd5 Bxd5 39. Nd6 Bc6 40. Nxf7 Be8 41. Nxh6 Bxh5 42. g4 Bg6 43. f7 1-0

[Event "Campobasso op 21st"]
[Site "Campobasso"]
[Date "2014.07.19"]
[Round "3"]
[White "Colucci, Stefano"]
[Black "Ambrosone, Antonio"]
[Result "1/2-1/2"]
[WhiteElo "1898"]
[BlackElo "1966"]
[PlyCount "66"]
[EventDate "2014.07.18"]
[EventType "swiss"]
[EventRounds "6"]
[EventCountry "ITA"]
[SourceTitle "EXT 2016"]
[Source "ChessBase"]
[SourceDate "2015.10.08"]
[SourceVersion "1"]
[SourceVersionDate "2015.10.08"]
[SourceQuality "1"]

1. e4 Nf6 2. e5 Nd5 3. d4 d6 4. c4 Nb6 5. exd6 exd6 6. Nc3 Nc6 7. Be3 Be7 8. Nf3 Bg4 9. b3 0-0 10. Be2 Re8 11. 0-0 Bf6 12. Qd2 h6 13. Rad1 d5 14. c5 Nc8 15. Rfe1 N8e7 16. h3 Bf5 17. Nh2 Be6 18. Ng4 Nf5 19. Nxf6+ Qxf6 20. Bb5 Nh4 21. Kh2 Qg6 22. Bf1 Re7 23. Ne2 Nf5 24. Bf4 Qf6 25. b4 a6 26. a4 g5 27. Bg3 Nxg3 28. Nxg3 Rae8 29. Nh5 Qg6 30. g4 f5 31. f3 Qf7 32. Re3 f4 33. Ree1 Bd7 1/2-1/2

[Event "Napoli Porreca Memorial 2nd"]
[Site "Napoli"]
[Date "2012.10.25"]
[Round "6"]
[White "Buonanno, Raffaele"]
[Black "Colucci, Stefano"]
[Result "0-1"]
[WhiteElo "1437"]
[BlackElo "1871"]
[PlyCount "62"]
[EventDate "2012.09.20"]
[EventType "swiss"]
[EventRounds "7"]
[EventCountry "ITA"]
[SourceTitle "EXT 2014"]
[Source "ChessBase"]
[SourceDate "2013.11.20"]
[SourceVersion "1"]
[SourceVersionDate "2013.11.20"]
[SourceQuality "1"]

1. Nf3 d5 2. g3 c6 3. Bg2 Nf6 4. b4 Bf5 5. Bb2 e6 6. 0-0 Bxb4 7. c3 Bd6 8. Na3 Nbd7 9. Rb1 Bxb1 10. Qxb1 0-0 11. c4 Qe7 12. Bxf6 Nxf6 13. Nc2 Rfd8 14. cxd5 exd5 15. Re1 Ne4 16. d3 Nc3 17. Qb2 Qf6 18. Ncd4 Na4 19. Qxb7 c5 20. Nc6 Re8 21. Nxa7 Reb8 22. Qd7 Nb6 23. Qc6 Rxa7 24. Ng5 Rc7 25. Qb5 Qxg5 26. Rb1 Nd7 27. Qa6 Rxb1+ 28. Bf1 Qc1 29. Kg2 Qxf1+ 30. Kf3 Ne5+ 31. Ke3 Qc1# 0-1

[Event "Campobasso op 18th"]
[Site "Campobasso "]
[Date "2011.07.24"]
[Round "1"]
[White "Ljubisavljevic, Zivojin Z"]
[Black "Colucci, Stefano"]
[Result "1-0"]
[WhiteElo "2214"]
[BlackElo "1903"]
[PlyCount "89"]
[EventDate "2011.08.06"]
[EventType "swiss"]
[EventRounds "6"]
[EventCountry "ITA"]
[SourceTitle "EXT 2014"]
[Source "ChessBase"]
[SourceDate "2013.11.20"]
[SourceVersion "1"]
[SourceVersionDate "2013.11.20"]
[SourceQuality "1"]

1. d4 Nf6 2. Bg5 d5 3. Bxf6 exf6 4. e3 Be7 5. c4 0-0 6. Nc3 dxc4 7. Bxc4 c6 8. Nf3 Nd7 9. Qc2 Re8 10. 0-0 Nf8 11. h3 Be6 12. Ne2 Qb6 13. a4 Qb4 14. b3 Rac8 15. Nf4 b5 16. Bxe6 fxe6 17. Nd3 Qd6 18. Nc5 Nd7 19. b4 Rc7 20. Qb3 Nxc5 21. dxc5 Qd5 22. Qxd5 cxd5 23. Nd4 bxa4 24. Nxe6 Rc6 25. Nf4 a5 26. bxa5 Rxc5 27. Rxa4 Bd6 28. g3 g5 29. Ne2 Be5 30. Nd4 Ra8 31. a6 Bxd4 32. exd4 Rc7 33. Rb1 Rca7 34. Rb6 Kf7 35. Kg2 Kg6 36. Kf3 h5 37. h4 gxh4 38. gxh4 Kf5 39. Rd6 Rb8 40. Rxd5+ Kg6 41. Rd6 Rb3+ 42. Kg2 Kf5 43. Ra5+ Ke4 44. Rxf6 Kxd4 45. Rxh5 1-0

[Event "Campobasso op-A 17th"]
[Site "Campobasso"]
[Date "2010.07.25"]
[Round "6"]
[White "D'Aquino, Ugo"]
[Black "Colucci, Stefano"]
[Result "1-0"]
[WhiteElo "1653"]
[BlackElo "1968"]
[PlyCount "21"]
[EventDate "2010.07.22"]
[EventType "swiss"]
[EventRounds "6"]
[EventCountry "ITA"]
[SourceTitle "EXT 2013"]
[Source "ChessBase"]
[SourceDate "2012.11.22"]
[SourceVersion "1"]
[SourceVersionDate "2012.11.22"]
[SourceQuality "1"]

1. e4 e5 2. Nf3 Nc6 3. Bb5 Nf6 4. d3 Nd4 5. Bc4 Nxf3+ 6. Qxf3 d6 7. h3 c6 8. Nc3 Be7 9. 0-0 Qc7 10. Be3 h6 11. Ne2 1-0

[Event "Campobasso op-A 17th"]
[Site "Campobasso"]
[Date "2010.07.23"]
[Round "3"]
[White "Sellitti, Federico"]
[Black "Colucci, Stefano"]
[Result "1-0"]
[WhiteElo "2141"]
[BlackElo "1968"]
[PlyCount "57"]
[EventDate "2010.07.22"]
[EventType "swiss"]
[EventRounds "6"]
[EventCountry "ITA"]
[SourceTitle "EXT 2013"]
[Source "ChessBase"]
[SourceDate "2012.11.22"]
[SourceVersion "1"]
[SourceVersionDate "2012.11.22"]
[SourceQuality "1"]

1. e4 c5 2. Nf3 d6 3. d4 cxd4 4. Nxd4 Nf6 5. Nc3 a6 6. Bg5 e6 7. f4 Be7 8. Qf3 Qc7 9. 0-0-0 Nbd7 10. Bd3 b5 11. Rhe1 Bb7 12. Qg3 b4 13. Nd5 Nxd5 14. exd5 Bxd5 15. Bxe7 Kxe7 16. Nxe6 Bxe6 17. f5 Ne5 18. fxe6 Kxe6 19. Qxg7 Rag8 20. Bf5+ Kxf5 21. Rf1+ Ke6 22. Qf6+ Kd7 23. Qxe5 Kc8 24. Qd5 Rf8 25. Rf4 Qd7 26. Qa8+ Kc7 27. Rc4+ Kb6 28. Rxb4+ Ka5 29. Qd5+ 1-0

[Event "Bisaccia op 2nd"]
[Site "Bisaccia"]
[Date "2010.06.01"]
[Round "6"]
[White "Colucci, Stefano"]
[Black "Grasso, Nino"]
[Result "0-1"]
[WhiteElo "1994"]
[BlackElo "1942"]
[PlyCount "64"]
[EventDate "2010.05.29"]
[EventType "swiss"]
[EventRounds "7"]
[EventCountry "ITA"]
[SourceTitle "EXT 2024"]
[Source "ChessBase"]
[SourceDate "2023.10.10"]
[SourceVersion "1"]
[SourceVersionDate "2023.10.10"]
[SourceQuality "1"]

1. e4 e5 2. Nf3 Nc6 3. Bb5 a6 4. Ba4 Nf6 5. 0-0 Be7 6. Re1 b5 7. Bb3 0-0 8. a4 Bb7 9. c3 d5 10. exd5 Nxd5 11. d3 Bf6 12. Nbd2 Re8 13. Ne4 Na5 14. Bc2 b4 15. Bd2 Nc6 16. a5 Be7 17. Ba4 Bf8 18. Ng3 Qd6 19. d4 exd4 20. Rxe8 Rxe8 21. Nxd4 Rd8 22. Ngf5 Qg6 23. Bxc6 Bxc6 24. Nxc6 Qxc6 25. Qf3 Qb5 26. g3 bxc3 27. bxc3 Qb2 28. Rd1 Nxc3 29. Bxc3 Rxd1+ 30. Qxd1 Qxc3 31. Qg4 g6 32. Qg5 Qe1+ 0-1

[Event "Bisaccia op"]
[Site "Bisaccia"]
[Date "2009.05.31"]
[Round "3"]
[White "Stromboli, Carlo"]
[Black "Colucci, Stefano"]
[Result "1-0"]
[WhiteElo "2283"]
[BlackElo "2009"]
[PlyCount "71"]
[EventDate "2009.05.29"]
[EventType "swiss"]
[EventRounds "7"]
[EventCountry "ITA"]
[SourceTitle "EXT 2011"]
[Source "ChessBase"]
[SourceDate "2010.11.26"]
[SourceVersion "1"]
[SourceVersionDate "2010.11.26"]
[SourceQuality "1"]

1. e4 c5 2. Nf3 d6 3. d4 cxd4 4. Nxd4 Nf6 5. Nc3 a6 6. h3 e6 7. g4 Nc6 8. Bg2 Nxd4 9. Qxd4 e5 10. Qd3 Be6 11. Bg5 Rc8 12. 0-0-0 Qa5 13. f4 Be7 14. a3 b5 15. Bxf6 gxf6 16. f5 Bc4 17. Qd2 b4 18. Nd5 Bxd5 19. Qxd5 Qa4 20. Qd3 bxa3 21. b3 Qa5 22. Kb1 Rc6 23. Ka2 0-0 24. Qd2 Qc7 25. c4 a5 26. Bf1 Rb8 27. Rb1 a4 28. b4 Rxc4 29. Bxc4 Qxc4+ 30. Kxa3 Qxe4 31. Rhe1 Qb7 32. Red1 d5 33. Qxd5 Bxb4+ 34. Ka2 Qb6 35. Qc4 Qa5 36. Rd7 1-0

[Event "Napoli Vomero Natale op 4h"]
[Site "Napoli"]
[Date "2007.12.06"]
[Round "4"]
[White "Rosato, Luciano"]
[Black "Colucci, Stefano"]
[Result "1-0"]
[WhiteElo "2216"]
[BlackElo "1957"]
[PlyCount "121"]
[EventDate "2007.11.15"]
[EventType "swiss"]
[EventRounds "7"]
[EventCountry "ITA"]
[SourceTitle "EXT 2010"]
[Source "ChessBase"]
[SourceDate "2010.11.25"]
[SourceVersion "1"]
[SourceVersionDate "2010.11.25"]
[SourceQuality "1"]

1. d4 Nf6 2. c4 g6 3. Nc3 d5 4. cxd5 Nxd5 5. e4 Nxc3 6. bxc3 Bg7 7. Be3 c5 8. Nf3 Qa5 9. Qd2 Nc6 10. Rc1 0-0 11. d5 Rd8 12. Bd3 Ne5 13. Nxe5 Bxe5 14. f4 Bg7 15. c4 Qa3 16. 0-0 Rd6 17. e5 Ra6 18. Rf2 e6 19. Rc3 Qa5 20. Rb3 b6 21. Qe2 Qa4 22. Bc1 Qe8 23. d6 Bd7 24. Be4 Rb8 25. h3 Qc8 26. Bd3 Ra4 27. a3 Qa6 28. g4 Re8 29. h4 Qc8 30. h5 Qd8 31. Rh2 Bc6 32. Qf1 f5 33. hxg6 hxg6 34. Bc2 Be4 35. Bxe4 fxe4 36. Qe2 Qd7 37. Qc2 Qc6 38. Rb5 Ra6 39. Re2 g5 40. Qxe4 Qxe4 41. Rxe4 gxf4 42. Kg2 Bh6 43. Kf3 Ra4 44. Rb3 Rf8 45. Rd3 Bg5 46. Rd1 Kg7 47. Rh1 Kg6 48. Rh5 Bh6 49. Rh3 Bg7 50. g5 a6 51. Kg4 b5 52. Bxf4 bxc4 53. Rc3 Kf7 54. Rexc4 Rxc4 55. Rxc4 Rc8 56. Kf3 Kg6 57. Ke4 Kf7 58. Be3 Rh8 59. Rxc5 Rh4+ 60. Bf4 Ke8 61. Rc8+ 1-0

[Event "San Nicola Arcella op 1st"]
[Site "San Nicola Arcella"]
[Date "2007.09.19"]
[Round "5"]
[White "Gad, Ahmad"]
[Black "Colucci, Stefano"]
[Result "0-1"]
[WhiteElo "1796"]
[BlackElo "1944"]
[PlyCount "60"]
[EventDate "2007.09.16"]
[EventType "swiss"]
[EventRounds "9"]
[EventCountry "ITA"]
[SourceTitle "EXT 2009"]
[Source "ChessBase"]
[SourceDate "2008.11.26"]
[SourceVersion "1"]
[SourceVersionDate "2008.11.26"]
[SourceQuality "1"]

1. e4 c5 2. Nf3 d6 3. d4 cxd4 4. Nxd4 Nf6 5. Nc3 a6 6. Bg5 e6 7. f4 Qb6 8. Nb3 Be7 9. Qd2 h6 10. Bxf6 Bxf6 11. 0-0-0 Be7 12. Kb1 Bd7 13. Be2 Nc6 14. Na4 Qc7 15. Rhf1 Rc8 16. Nc3 b5 17. Bxb5 axb5 18. Nxb5 Qb8 19. Nxd6+ Qxd6 20. Qxd6 Bxd6 21. Rxd6 e5 22. c4 exf4 23. Rxf4 Ne5 24. c5 0-0 25. Rf2 Bb5 26. Rd5 Rfe8 27. Kc2 Ng4 28. Rf3 Rxe4 29. Nd2 Re2 30. Rh5 g6 0-1